Movie Alphabet S - Statistics

General Stats
  • This quiz has been taken 54 times
    43 since last reset
  • The average score is 11 of 16
Answer Stats
Picture Answer % Correct
Shrek
100%
Saving Private Ryan
86%
The Sound of Music
86%
School of Rock
83%
Scream
83%
Space Jam
83%
Scarface
78%
Se7en
78%
Silence of the Lambs
78%
The Shawshank Redemption
75%
Saturday Night Fever
69%
The Shining
67%
Schindler's List
61%
Skyfall
53%
Spartacus
50%
Summer School
6%
No matching quizzes found
Score Distribution
Percent of People with Each Score
Percentile by Number Answered
Your Score History
You have not taken this quiz since the last reset